Fuchs Vilmos
Elmentve itt :
| Dokumentumtípus: | Cikk |
|---|---|
| Megjelent: |
1942-07-07
|
| Sorozat: | Délmagyarország
18 No. 151 |
| Kulcsszavak: | Fuchs Vilmos, Gyászjelentés Szeged 1942, Szeged |
| Online Access: | http://dmarchiv.bibl.u-szeged.hu/41591 |
| LEADER | 00417nab a2200145 i 4500 | ||
|---|---|---|---|
| 001 | delm41591 | ||
| 005 | 20180927130013.0 | ||
| 008 | 180927s1942 hu o 0|| hun d | ||
| 040 | |a SZTE Délmagyarország Archívum |b hun | ||
| 041 | |a hun | ||
| 245 | 0 | 0 | |a Fuchs Vilmos |h [elektronikus dokumentum] |
| 260 | |c 1942-07-07 | ||
| 300 | |a 7 | ||
| 490 | 0 | |a Délmagyarország |v 18 No. 151 | |
| 695 | |a Fuchs Vilmos, Gyászjelentés Szeged 1942, Szeged | ||